000 01468naa a22003857a 4500
001 BR6010100
003 BR-BrBNA
005 20240918173145.0
007 ta
008 230509b bl.||||| |||| 00| 0 por d
040 _aBR-BrBNA
_bpor
_cBiblioteca Nacional de Agricultura
041 _a(Pt)
072 _aL00; Q10; E70
_b5212
_b9715
_bG514
090 _aL00 BR6010100
110 1 _aSindicato dos Invernistas e Criadores de Gado em Barretos, SP (Brasil)
_99520
111 1 _a1. Congresso Pecuario do Brasil Central
_cBarretos, SP (Brazil)
_d18 Apr 1941
245 1 _aO exercicio da atividade de criacao, recriacao e engorda de gado bovino pelas empresas frigorificas [Bos taurus; Brasil]
260 3 _aSao Paulo, SP (Brasil):
_bSociedade Impressora Brasileira - Brusco,
_c1942.
500 _aAnais do 1. Congresso Pecuario do Brasil Central Sao Paulo, SP (Brasil): Sociedade Impressora Brasileira - Brusco, 1942. p. 101-117 (BR6010100-AM)L00
650 _aProducao animal
650 _aTecnologia de alimento
650 _aComercializacao
650 _aBovino
650 _aGado de corte
650 _aCarne congelada
650 _aFrigorifico
650 _aEngorda
650 _aAbate
650 _aMercado
650 _aPreco
650 _aExportacao
773 0 _tAnais do 1. Congresso Pecuario do Brasil Central
_wL00 BR6010100
_gSao Paulo, SP (Brasil), 1942. p. 101-117
909 _a202404
_bLucia
_c55
_dLucia Elande
942 _cAM
_2AGRIS
999 _c303181
_d303181